000 00522nam a22001577a 4500
005 20251108171957.0
008 250721s1986 xx 000 0 ara d
082 1 4 _a616.9/محم
100 1 _aزلزلة، محمد صادق
245 1 0 _aالإيدز :
_bمتلازمة نقص المناعة المكتسبة معضلة القرن العشرين /
264 1 _aالكويت :
_bذات السلاسل،
_c1986.
300 _a277ص
650 1 7 _aالأمراض التناسلية
942 _2ddc
_cBK
999 _c67402
_d67402